[Event "2nd Kalyan Dombivali 2019"]
[Site "Kalyan"]
[Date "2019.01.31"]
[Round "5"]
[White "Kadam Omkar R"]
[Black "Akshit Jha"]
[Result "0-1"]
[WhiteElo "1305"]
[BlackElo "1604"]
[Annotator "NA"]
[PlyCount "116"]
[EventDate "2019.01.28"]
[EventType "swiss"]
[EventRounds "10"]
[EventCountry "IND"]
[SourceTitle "playchess.com"]
[Source "ChessBase"]
[SourceQuality "1"]
[TimeControl "5400+30"]

1. d4 {[%emt 0:00:00]} d5 {[%emt 0:00:00]} 2. c4 {[%emt 0:00:00]} c6 {[%emt 0:00:00]} 3. Nc3 {[%emt 0:00:00]} Nf6 {[%emt 0:00:00]} 4. cxd5 {[%emt 0:00:32]} cxd5 {[%emt 0:00:00]} 5. Bg5 {[%emt 0:00:20]} Nc6 {[%emt 0:00:11]} 6. Nf3 {[%emt 0:00:21]} e6 {[%emt 0:00:25]} 7. e3 {[%emt 0:00:24]} Bd6 {[%emt 0:00:14]} 8. Bd3 {[%emt 0:00:14]} h6 {[%emt 0:00:18]} 9. Bh4 {[%emt 0:00:05]} O-O {[%emt 0:00:18]} 10. a3 {[%emt 0:00:18]} Be7 {[%emt 0:00:55]} 11. O-O {[%emt 0:01:01]} Bd7 {[%emt 0:00:40]} 12. Rc1 {[%emt 0:01:51]} Rc8 {[%emt 0:03:17]} 13. b4 {[%emt 0:04:05]} Ne8 {[%emt 0:02:10]} 14. Bg3 {[%emt 0:05:15]} Nd6 {[%emt 0:03:45]} 15. Bb1 {[%emt 0:06:11]} Nc4 {[%emt 0:00:00]} 16. Bd3 {[%emt 0:00:00]} Nd6 {[%emt 0:01:00]} 17. Bb1 {[%emt 0:01:00]} Nc4 {[%emt 0:00:00]} 18. Bd3 {[%emt 0:00:00]} Nd6 {[%emt 0:01:00]} 19. Bb1 {[%emt 0:01:00]} Nc4 {[%emt 0:01:23]} 20. Qd3 {[%emt 0:29:24]} f5 {[%emt 0:00:32]} 21. Ne2 {[%emt 0:04:05]} a5 {[%emt 0:06:20]} 22. b5 {[%emt 0:03:26]} Na7 {[%emt 0:00:05]} 23. a4 {[%emt 0:00:07]} Bb4 {[%emt 0:06:56]} 24. Ne5 {[%emt 0:09:48]} Nxe5 {[%emt 0:03:51]} 25. Bxe5 {[%emt 0:00:33]} Be8 {[%emt 0:07:20]} 26. Rxc8 {[%emt 0:01:55]} Nxc8 {[%emt 0:00:42]} 27. Rc1 {[%emt 0:00:17]} Nd6 {[%emt 0:00:56]} 28. Nf4 {[%emt 0:02:28]} Bf7 {[%emt 0:00:31]} 29. Ba2 {[%emt 0:01:19]} Qd7 {[%emt 0:01:45]} 30. Bb3 {[%emt 0:04:57]} Rc8 {[%emt 0:02:08]} 31. Rxc8+ {[%emt 0:02:53]} Qxc8 {[%emt 0:00:29]} 32. Bxd6 {[%emt 0:02:01]} Bxd6 {[%emt 0:00:18]} 33. Ne2 {[%emt 0:00:07]} Bb4 {[%emt 0:01:13]} 34. Qc2 {[%emt 0:00:31]} Qxc2 {[%emt 0:00:33]} 35. Bxc2 {[%emt 0:00:01]} g5 {[%emt 0:00:26]} 36. Nc1 {[%emt 0:00:08]} Bd6 {[%emt 0:01:23]} 37. b6 {[%emt 0:02:07]} Be8 {[%emt 0:03:46]} 38. Nd3 {[%emt 0:00:24]} Bc6 {[%emt 0:01:53]} 39. Kf1 {[%emt 0:03:39]} Be7 {[%emt 0:01:01]} 40. Nc5 {[%emt 0:00:52]} Kf7 {[%emt 0:00:44]} 41. Nb3 {[%emt 0:08:04]} Bxa4 {[%emt 0:00:57]} 42. Nxa5 {[%emt 0:00:05]} Bxc2 {[%emt 0:00:49]} 43. Nxb7 {[%emt 0:00:01]} Bd3+ {[%emt 0:00:08]} 44. Ke1 {[%emt 0:00:09]} Ba6 {[%emt 0:00:12]} 45. Nc5 {[%emt 0:00:41]} Bxc5 {[%emt 0:00:30]} 46. dxc5 {[%emt 0:00:03]} Ke7 {[%emt 0:00:08]} 47. Kd2 {[%emt 0:02:32]} Kd7 {[%emt 0:00:04]} 48. Kc3 {[%emt 0:00:04]} Kc6 {[%emt 0:00:02]} 49. Kd4 {[%emt 0:00:11]} Bc8 {[%emt 0:01:04]} 50. Ke5 {[%emt 0:01:29]} Kxc5 {[%emt 0:00:35]} 51. b7 {[%emt 0:00:03]} Bxb7 {[%emt 0:00:05]} 52. Kxe6 {[%emt 0:00:06]} Bc8+ {[%emt 0:00:18]} 53. Ke5 {[%emt 0:00:36]} f4 {[%emt 0:01:09]} 54. g3 {[%emt 0:00:01]} fxe3 {[%emt 0:00:07]} 55. fxe3 {[%emt 0:00:10]} Kc4 {[%emt 0:00:09]} 56. h4 {[%emt 0:01:45]} gxh4 {[%emt 0:00:19]} 57. gxh4 {[%emt 0:00:02]} h5 {[%emt 0:00:06]} 58. Kf4 {[%emt 0:01:14]} Kd3 {[%emt 0:00:11]} 0-1

[Event "2nd Kalyan Dombivali 2019"]
[Site "Kalyan"]
[Date "2019.02.01"]
[Round "6"]
[White "Gusain, Himal"]
[Black "Saurabh Anand"]
[Result "1-0"]
[WhiteElo "2371"]
[BlackElo "2210"]
[Annotator "TA"]
[PlyCount "137"]
[EventDate "2019.01.28"]
[EventType "swiss"]
[EventRounds "10"]
[EventCountry "IND"]
[SourceTitle "playchess.com"]
[Source "ChessBase"]
[SourceQuality "1"]

{[%evp 15,137,8,14,-8,16,7,8,-8,17,13,25,9,52,55,37,51,108,75,77,71,71,71,71,71,71,71,71,65,71,70,91,84,104,75,71,69,107,106,96,97,110,104,114,102,102,102,125,102,122,94,95,76,87,49,49,49,50,50,56,0,0,0,62,-3,0,0,6,0,0,0,103,97,100,11,78,66,136,127,200,206,193,197,317,330,298,292,306,307,292,252,262,248,541,540,388,262,354,227,516,487,746,727,838,834,812,751,751,743,720,715,714,706,639,577,5613,5609,6150,1225,29984,29984,29984,29985,29985,29985]} 1. e4 e5 2. Nc3 Nf6 3. Nf3 Nc6 4. Bb5 Bb4 5. O-O O-O 6. d3 Bxc3 7. bxc3 d6 8. h3 h6 {LiveBook: 4 Games. C49: Four Knights: 4 Bb5 Bb4} (8... Ne7 9. Re1 a6 10. Bc4 b5 11. Bb3 c5 12. Bg5 Ng6 13. Bd5 Rb8 14. a4 h6 15. Bxf6 Qxf6 16. axb5 axb5 17. Nh2 {0-1 (33) Andreikin,D (2720)-Carlsen,M (2850) Berlin 2015}) 9. Nh2 $146 ({Predecessor:} 9. Bxc6 bxc6 10. Re1 c5 11. c4 Nh7 12. Be3 f5 13. exf5 Bxf5 14. Rb1 Qd7 15. Nd2 Rf6 16. Kh2 {0-1 (39) Sokolin,L (2508)-Bindrich,F (2606) St Petersburg 2018}) 9... d5 10. exd5 Qxd5 {The position is equal.} 11. Bc4 Qd8 12. Qf3 Na5 13. Bb3 Nxb3 14. axb3 Re8 15. Re1 c6 (15... a5 $14) 16. Bb2 Nh7 17. c4 f6 18. Qe3 Bf5 19. Rxa7 Rxa7 20. Qxa7 Qa8 21. Qe3 Qa2 22. Qc1 Rd8 23. Nf1 Nf8 {[%cal Bh7f8,Bf8e6,Be6f4][%mdl 32]} 24. Ng3 Bg6 25. Bc3 Ne6 26. Qd2 {And now Ra1 would win.} Qa8 27. Ra1 Qc8 28. Qe3 Kh7 29. b4 b5 30. c5 Nf4 31. Bd2 Qb7 32. Qe1 Ne6 33. Bc3 Ra8 34. Rc1 Qd7 35. Ne4 Qd5 36. f3 Ra2 37. Nf2 (37. Kh2 $14) 37... Nd4 $11 38. Bxd4 exd4 (38... Qxd4 $11 39. c3 Qf4) 39. c4 ({White should try} 39. h4 $14) 39... dxc3 40. Qxc3 Re2 41. Ra1 Qg5 42. Re1 ({Much worse is} 42. Ng4 h5 $17) 42... Qe3 (42... Ra2 $11) 43. Rxe2 $16 Qxe2 44. Qd4 (44. d4 $16) 44... f5 (44... Qe1+ $11 {remains equal.} 45. Kh2 f5) 45. Kh2 Bf7 (45... Qe1 $1 $14) 46. Nh1 Bd5 (46... g6 $16 {was called for.} 47. Ng3 Qe7) 47. Ng3 $18 Qe6 48. Nh5 {[%csl Gh5][%cal Rd4g7]} Qf7 (48... Qe7 $142 49. Nf4 Bf7) 49. Nf4 Qc7 50. Kg1 Bf7 51. Qd6 Qc8 52. Qe7 Kg8 53. h4 Qe8 $2 (53... Qb8) 54. Qxe8+ Bxe8 {[%mdl 4096] Endgame KB-KN} 55. d4 {[%cal Bd3d4,Bd4d5][%mdl 32]} Kf7 56. d5 Kf6 $2 (56... cxd5 57. Nxd5 g5 58. hxg5 hxg5) 57. d6 Ke5 {[#]} (57... g5 $142) 58. Ng6+ $1 {[%mdl 512]} Kd4 (58... Bxg6 59. d7) 59. Nf8 Kc4 60. d7 Bxd7 61. Nxd7 Kxb4 {KN-KP} 62. Kf2 Kc3 63. Ke2 b4 {[#]} 64. Kd1 $1 Kb2 65. Ne5 b3 66. Nxc6 Ka1 67. Na5 {White mates.} b2 68. Nb3+ Ka2 69. Nd2 {Precision: White = 62%, Black = 39%.} 1-0

[Event "2nd Kalyan Dombivali 2019"]
[Site "Kalyan"]
[Date "2019.02.01"]
[Round "6"]
[White "Kathmale, Sameer"]
[Black "Kulkarni, Vikramaditya"]
[Result "0-1"]
[WhiteElo "2312"]
[BlackElo "2345"]
[Annotator "TA"]
[PlyCount "82"]
[EventDate "2019.01.28"]
[EventType "swiss"]
[EventRounds "10"]
[EventCountry "IND"]
[SourceTitle "playchess.com"]
[Source "ChessBase"]
[SourceQuality "1"]

{[%evp 11,82,17,13,-43,-43,-46,-56,-36,-40,-39,-51,-87,-85,-87,-70,-74,-58,-143,-134,-227,-215,-231,-227,-295,-262,-278,-272,-394,-395,-529,-512,-540,-507,-508,-418,-341,-25,-87,7,-1165,-1155,-958,-603,-598,-588,-574,-570,-943,-922,-1279,-595,-921,-909,-1511,-1266,-1281,-1247,-1277,-1112,-1104,-1104,-1102,-1078,-1849,-1769,-1667,-1351,-1279,-1248,-1393,-1211,-1122,-1097]} 1. e4 e6 2. d4 d5 3. Nc3 (3. exd5 exd5 4. Nf3 Nc6 5. Nc3 Bb4 {½-½ (39) Hovhannisyan,R (2592)-Vallejo Pons,F (2706) Jerusalem 2015}) 3... Bb4 4. exd5 exd5 5. Bd3 Nc6 6. Nf3 Bg4 7. h3 {C01: French: Exchange Variation} (7. O-O $11) (7. O-O Nge7 8. h3 Bh5 9. a3 Ba5 10. Be3 h6 11. Na4 Bb6 12. c3 O-O 13. Re1 Na5 14. Qe2 Re8 {½-½ (39) Hovhannisyan,R (2592)-Vallejo Pons,F (2706) Jerusalem 2015}) 7... Bxf3 $1 $15 8. Qxf3 Nxd4 9. Qg4 {Black is slightly better.} Bxc3+ $1 10. bxc3 Qe7+ 11. Kd1 Ne6 12. Rb1 $146 ({Predecessor:} 12. Re1 Nf6 13. Qa4+ Qd7 14. Qa3 Ne4 {0-1 (23) Eppinger,G (2212)-Farago,I (2420) Nuremberg 2010}) 12... c6 13. Re1 {[#] Hoping for Rxb7!} Nf6 14. Qa4 (14. Qh4 $15) 14... O-O $17 15. Ba3 (15. Qh4 $17 Qc7 16. Be3) 15... c5 $19 16. Qh4 {Threatens to win with Bxh7+!} Rfe8 17. Bf5 Qc7 {White must now prevent ...Nf4.} 18. Bc1 Nf8 {Strongly threatening ...Rxe1+.} 19. Bf4 (19. Qg3 {might work better.} Qa5 20. a3) 19... Qa5 ({Not} 19... Rxe1+ 20. Kxe1 Qa5 21. Bg5 $19) 20. f3 d4 21. cxd4 cxd4 22. Bd3 Nd5 23. Bd2 Qa4 $2 (23... Qxa2 $19 24. Rc1 Ne3+ 25. Bxe3 dxe3) 24. a3 (24. Rxb7 $11 Qc6 25. Rb3) 24... Qxa3 (24... Ng6 $17 25. Rxe8+ Rxe8) 25. Rxb7 $2 {[%mdl 8192]} (25. Rxe8 $11 Rxe8 26. Qxd4) 25... Qa1+ {Black is clearly winning.} 26. Bc1 Rxe1+ 27. Qxe1 {White hopes to continue with Qe5.} Ne3+ 28. Ke2 Re8 29. Qg1 {Now Kf2 and White clings on.} Nxc2+ 30. Kf2 Ne1 (30... Re1 $142 31. Rb1 Qc3 32. Bxc2 Rxg1 33. Kxg1 Qxc2) 31. Bb1 Qc3 32. Bf4 d3 33. Kg3 d2 34. Ba2 d1=Q {[%cal Rd1f3] ( -> ...Qdxf3+!)} 35. Bxf7+ Kh8 36. Bxe8 Qd5 37. Rf7 Ng6 38. Kh2 {[#]} Qcxf3 $1 {[%mdl 576] Demolition} 39. gxf3 Nxf3+ {[%mdl 64] Double Attack} 40. Kg2 Nxg1+ 41. Kxg1 Qe6 {Accuracy: White = 22%, Black = 65%.} 0-1

[Event "2nd Kalyan Dombivali 2019"]
[Site "Kalyan"]
[Date "2019.02.01"]
[Round "6"]
[White "Ramnathan, Balasubramaniam"]
[Black "Kadam Rishi R"]
[Result "1/2-1/2"]
[WhiteElo "2191"]
[BlackElo "1604"]
[Annotator "TA"]
[PlyCount "283"]
[EventDate "2019.01.28"]
[EventType "swiss"]
[EventRounds "10"]
[EventCountry "IND"]
[SourceTitle "playchess.com"]
[Source "ChessBase"]
[SourceQuality "1"]

{[%evp 18,283,31,34,54,46,64,60,60,49,43,30,50,51,53,54,54,20,19,-47,-47,-42,-43,-56,-48,-52,-37,-57,-46,-49,-14,-31,-13,-17,-9,-35,0,-17,-12,-31,-11,-52,-18,-43,0,0,0,0,0,0,0,0,3,6,17,8,6,8,6,4,10,20,20,20,24,24,24,24,24,24,24,24,31,31,68,62,55,33,36,37,52,36,37,44,37,0,20,0,14,8,8,0,8,1,8,0,8,8,8,8,8,0,0,0,8,8,8,8,8,8,8,8,8,8,61,0,0,0,8,8,8,8,8,0,0,0,8,8,8,8,8,8,8,8,8,0,8,8,8,8,8,0,8,8,8,8,8,8,8,8,8,8,8,8,8,8,8,7,8,7,7,7,7,0,7,7,8,8,8,8,8,8,8,0,0,0,0,0,0,0,8,8,8,8,8,8,8,7,8,8,8,8,8,8,8,0,0,0,0,0,0,0,0,0,0,0,0,0,0,0,0,0,0,0,0,0,0,0,0,0,0,0,0,0,0,0,0,0,0,0,0,0,0,0,0,0,0,7,7,0,7,0,7,7,7,7,7,7,7,7,7,0,7,7,7,7,8,0,0,0,0,0,0,0,0,0,0,0]} 1. Nf3 $146 (1. d4 Nf6 2. Nf3 g6 3. e3 Bg7 4. Be2 O-O 5. O-O d6 6. b3 Nc6 {½-½ (44) Grischuk,A (2766)-Vachier Lagrave,M (2789) Paris 2018}) ({Predecessor:} 1. d4 Nf6 2. Nf3 g6 3. b3 Bg7 4. Bb2 {1-0 (41) Vodyasov,E (2223)-Zavarsky,J (1991) Velke Losiny 2013}) 1... Nf6 2. b3 d6 3. d4 g6 4. Bb2 Bg7 5. e3 O-O 6. Be2 Nc6 ({Predecessor:} 6... e5 7. dxe5 Ng4 8. c4 Nc6 9. Nc3 Ngxe5 10. Qd2 Be6 {1-0 (41) Vodyasov,E (2223)-Zavarsky,J (1991) Velke Losiny 2013}) 7. O-O e5 8. dxe5 Nd7 (8... Ng4 9. c4 {½-½ (44) Grischuk,A (2766)-Vachier Lagrave,M (2789) Paris 2018}) 9. c4 Ndxe5 10. Nc3 Be6 {E60: King's Indian: Unusual lines and Fianchetto Variation without Nc3} (10... Re8 11. Qd2 Nxf3+ 12. Bxf3 Ne5 13. Be2 Be6 14. Rac1 Nd7 15. Bf3 Rb8 16. Rfd1 a6 17. Ne4 Bxb2 18. Qxb2 {½-½ (44) Grischuk,A (2766)-Vachier Lagrave,M (2789) Paris 2018}) 11. Qd2 Nxf3+ ({Predecessor:} 11... f6 12. Rad1 Ne7 13. Nd5 Bxd5 14. cxd5 Nxf3+ 15. Bxf3 Qd7 16. Rc1 {1-0 (41) Vodyasov,E (2223)-Zavarsky,J (1991) Velke Losiny 2013}) 12. Bxf3 Rb8 {White is slightly better.} 13. Bxc6 bxc6 14. Rfd1 Qh4 15. Na4 Bxb2 16. Nxb2 f5 17. Qd4 (17. Nd3 {feels hotter.} c5 18. Qa5 Rb7 19. Re1 g5 20. Rad1) 17... Qxd4 18. Rxd4 ({Better is} 18. exd4 $11 f4 19. f3) 18... c5 $15 19. Rd2 Bd7 20. Nd1 Bc6 21. Nc3 Kg7 22. Rc1 h5 23. h4 Rf7 24. Kh2 Re8 25. Kg3 Kf6 26. Ne2 Rff8 27. Nf4 a5 28. Rc3 Ra8 29. Nd3 Rg8 30. f3 g5 31. hxg5+ Rxg5+ 32. Kf2 h4 33. Nf4 Rag8 34. Rc1 Kf7 35. Rh1 Rh8 36. Rh3 Rgg8 37. Rd1 Rh7 38. Rdh1 Rgh8 $1 39. Ke2 a4 40. Kd3 $36 {[%mdl 2048] White is more active.} axb3 41. axb3 Kf6 42. Kc3 Re8 43. Kd2 Reh8 44. Ra1 Rb8 45. Ra6 Rb6 46. Rxb6 cxb6 $14 {[%mdl 4096] Endgame KRB-KRN} 47. Rh1 b5 48. Ra1 {Strongly threatening Ra6.} bxc4 49. bxc4 h3 50. gxh3 Bxf3 51. Rg1 Rd7 52. Kc3 d5 53. cxd5 Bxd5 54. h4 Bf3 55. Rg6+ Kf7 56. Rh6 Kg7 57. Ra6 Rd1 58. Ne6+ Kg8 59. Ra5 Re1 60. Kd2 Re2+ 61. Kd3 Rh2 62. Rxc5 Be4+ 63. Kd4 Rxh4 64. Ke5 Kf7 65. Rc7+ Kg6 ({Black should try} 65... Kg8 $11) 66. Nf8+ ({White should play} 66. Rg7+ $14 Kh6 67. Rg3) 66... Kh5 $11 {The position is equal.} 67. Rg7 Rg4 68. Rh7+ Kg5 69. Ne6+ Kg6 70. Rc7 Kh5 71. Rh7+ Kg6 72. Rh8 Bc2 73. Nf4+ Kg7 74. Rc8 Be4 75. Rc7+ Kh6 76. Kf6 Rg1 77. Rc8 {[%cal Rc8h8] [#]} Kh7 78. Rd8 {Hoping for Rd7+.} Ra1 79. Rd6 (79. Re8 {is interesting.} Rg1 80. Ne6 Rg6+ 81. Ke5 Rg4 82. Nf8+) 79... Ra8 80. Ne6 Kh6 81. Ng5 Kh5 82. Nxe4 fxe4 {KR-KR} 83. Kf5 Re8 84. Rd7 {[%cal Rd7h7] [#]} Kh6 85. Rf7 Ra8 86. Kxe4 Kg6 87. Rf3 Ra5 88. Kd4 Ra4+ 89. Kd3 Ra3+ 90. Kc4 Ra4+ 91. Kb3 Re4 (91... Ra7 {seems wilder.} 92. Kc3 Ra3+ 93. Kd2 Ra2+ 94. Ke1 Ra1+) 92. Kc3 Ra4 93. Rf8 Re4 94. Kd3 Ra4 95. e4 Kg7 96. Rf5 (96. Rf1 {with more complications.} Ra2 97. Kc4 Ra8 98. Rh1 Kf6 99. Rh4) 96... Ra3+ 97. Kd4 Ra4+ 98. Ke3 Ra3+ 99. Kf4 Ra1 100. Rh5 Kf6 101. Rh6+ Ke7 102. Kf5 Ra2 103. Rh7+ Ke8 104. Rh8+ Ke7 105. Rb8 Ra5+ 106. e5 {And now Rb7+ would win.} Ra6 107. Rh8 Rb6 108. Ra8 Rc6 109. Ra7+ Ke8 110. Ke4 Rg6 111. Ra8+ (111. Ra2 {looks sharper.} Rh6 112. Kd5 Kf7 113. Ra7+ Ke8 114. Rg7) 111... Ke7 112. Kd5 Rh6 113. Ra4 Rg6 114. Rc4 Ra6 115. Rc5 Rh6 116. Rb5 Rg6 117. Kc5 Rg5 118. Kd4 Rg6 119. Rb7+ Ke8 120. Kc5 Rh6 121. Rg7 Ra6 122. Rg1 Re6 123. Kd4 Ra6 124. Ke4 Ra4+ 125. Kf5 Ra6 126. Rh1 Rb6 127. Ra1 Rc6 128. Ke4 Rb6 129. Kd5 Rh6 130. Ra7 Rg6 131. Ke4 Rb6 (131... Kf8 {is more complex.} 132. Rb7 Rh6 133. Kf5 Ke8 134. Kf4 Kd8) 132. Kf4 Rb4+ 133. Kg5 Rb6 134. Rg7 Ra6 135. Rb7 Rc6 136. Kf5 Ra6 137. e6 {Black must now prevent Kf6.} Ra1 138. Rb5 Ke7 139. Rb7+ Ke8 140. Ke5 Re1+ 141. Kd5 Rd1+ 142. Ke4 {Accuracy: White = 54%, Black = 61%.} 1/2-1/2

[Event "2nd Kalyan Dombivali 2019"]
[Site "Kalyan"]
[Date "2019.02.01"]
[Round "6"]
[White "Snehal, Bhosale"]
[Black "Saranya, J."]
[Result "1-0"]
[WhiteElo "2135"]
[BlackElo "2094"]
[Annotator "RC"]
[PlyCount "54"]
[EventDate "2019.01.28"]
[EventType "swiss"]
[EventRounds "10"]
[EventCountry "IND"]
[SourceTitle "playchess.com"]
[Source "ChessBase"]
[SourceQuality "1"]
[TimeControl "5400+30"]

1. d4 {[%emt 0:00:00]} Nf6 {[%emt 0:13:03]} 2. c4 {[%emt 0:00:08]} e6 {[%emt 0:00:22]} 3. Nc3 {[%emt 0:00:10]} Bb4 {[%emt 0:00:15]} 4. Qc2 {[%emt 0:00:23]} c5 {[%emt 0:09:29]} 5. dxc5 {[%emt 0:00:26]} Qa5 {[%emt 0:02:41]} 6. Bd2 {[%emt 0:04:21]} Qxc5 {[%emt 0:05:07]} 7. e3 {[%emt 0:05:11]} d5 {[%emt 0:23:37]} 8. a3 {[%emt 0:05:16]} Bxc3 {[%emt 0:01:02]} 9. Bxc3 {[%emt 0:00:45]} dxc4 {[%emt 0:01:54]} 10. Bxf6 {[%emt 0:01:48]} gxf6 {[%emt 0:00:08]} 11. Bxc4 {[%emt 0:00:14]} Nc6 {[%emt 0:02:29]} 12. b4 {[%emt 0:18:06]} Qb6 {[%emt 0:04:47]} 13. Nf3 {[%emt 0:01:49]} Bd7 {[%emt 0:07:24]} 14. O-O {[%emt 0:02:07]} Ne5 {[%emt 0:03:38]} 15. Nxe5 {[%emt 0:03:20]} fxe5 {[%emt 0:00:16]} 16. Qe4 {[%emt 0:01:23]} f6 {[%emt 0:03:05]} 17. Rfd1 {[%emt 0:20:32]} O-O-O {[%emt 0:07:27]} 18. a4 {[%emt 0:04:10]} Bxa4 {[%emt 0:05:49]} 19. Rdc1 {[%emt 0:09:07]} Bc6 {[%emt 0:02:07]} 20. Qh4 {[%emt 0:00:08]} Kb8 {[%emt 0:03:13]} 21. Qxf6 {[%emt 0:02:38]} Rhg8 {[%emt 0:01:57]} 22. Bf1 {[%emt 0:01:40]} Qxb4 {[%emt 0:00:26]} 23. Qxe5+ {[%emt 0:00:07]} Qd6 {[%emt 0:00:15]} 24. Qa5 {[%emt 0:03:18]} a6 {[%emt 0:00:33]} 25. Rcb1 {[%emt 0:00:08]} Be4 {[%emt 0:00:52]} 26. Rc1 {[%emt 0:13:06]} Rg6 {[%emt 0:00:32]} 27. Rd1 {[%emt 0:01:26]} Rgg8 1-0

[Event "2nd Kalyan Dombivali 2019"]
[Site "Kalyan"]
[Date "2019.02.01"]
[Round "6"]
[White "Satkar, Chirag"]
[Black "Vedant Nitin vekhande"]
[Result "1/2-1/2"]
[WhiteElo "2071"]
[BlackElo "1564"]
[Annotator "NA RC"]
[PlyCount "70"]
[EventDate "2019.01.28"]
[EventType "swiss"]
[EventRounds "10"]
[EventCountry "IND"]
[SourceTitle "playchess.com"]
[Source "ChessBase"]
[SourceQuality "1"]
[TimeControl "5400+30"]

{[%evp 8,70,41,23,43,32767,32767,32767,32767,32767,32767,32767,32767,32767,35,41,25,34,20,34,38,21,30,41,57,34,66,73,74,54,76,64,85,68,66,59,77,47,32767,32767,75,68,32767,60,45,25,22,23,74,60,102,62,72,51,55,47,57,42,65,0,43,0,56,0,48]} 1. d4 {[%emt 0:08:23]} Nf6 {[%emt 0:00:00]} 2. c4 {[%emt 0:02:05]} e5 {[%emt 0:00:00]} 3. dxe5 {[%emt 0:00:16]} Ng4 {[%emt 0:00:01]} 4. Nf3 {[%emt 0:00:44]} Nc6 {[%emt 0:00:28]} 5. Bf4 {[%emt 0:06:04]} Bb4+ {[%emt 0:00:18]} 6. Nbd2 {[%emt 0:04:53]} Qe7 {[%emt 0:00:12]} 7. a3 {[%emt 0:00:29]} Ngxe5 {[%emt 0:00:07]} 8. Nxe5 {[%emt 0:00:27]} Nxe5 {[%emt 0:00:05]} 9. e3 {[%emt 0:00:13]} Bxd2+ {[%emt 0:00:09]} 10. Qxd2 {[%emt 0:00:03]} O-O {[%emt 0:00:13]} (10... d6 11. Be2 {½-½ (48) Sargsyan,S (2463)-Gadimbayli,A (2419) Konya 2018}) 11. Be2 {[%emt 0:01:41]} d6 {[%emt 0:01:53]} 12. O-O {[%emt 0:01:09]} b6 {[%emt 0:00:45]} 13. b4 $146 {[%emt 0:10:02]} ({Predecessor:} 13. Rac1 Bb7 {½-½ (30) Belistri,U (2010)-Escofet Fernandez,J (2070) Montevideo 2013}) 13... Bb7 {[%emt 0:00:18]} 14. Rac1 {[%emt 0:00:10] A52: Budapest Gambit} c5 {[%emt 0:02:44]} (14... Rad8 15. Qb2 Ng6 16. Bg3 Nh4 17. Bxh4 Qxh4 18. Rfd1 Qg5 19. Bf1 Rfe8 20. a4 h5 21. c5 dxc5 22. Rxd8 Rxd8 23. bxc5 {½-½ (48) Sargsyan,S (2463)-Gadimbayli,A (2419) Konya 2018}) 15. Rfd1 {[%emt 0:02:45]} Rfd8 {[%emt 0:00:36]} 16. Qc3 {[%emt 0:03:51]} ({Predecessor:} 16. Qb2 Rac8 17. Rd2 Ng6 18. Bg3 Nh4 19. Bf1 Nf5 20. Qb1 Be4 21. Bd3 Nxg3 22. hxg3 {½-½ (30) Belistri,U (2010)-Escofet Fernandez,J (2070) Montevideo 2013}) 16... Ng6 {[%emt 0:00:58]} 17. Bg3 {[%emt 0:00:44]} Rac8 {[%emt 0:01:22]} 18. Bg4 {[%emt 0:04:02]} Rb8 {[%emt 0:04:19]} 19. Rd2 {[%emt 0:02:43]} Ne5 {[%emt 0:02:53]} 20. Be2 {[%emt 0:03:30]} f6 {[%emt 0:02:20]} 21. Rcd1 {[%emt 0:06:21]} Nf7 {[%emt 0:04:55]} 22. b5 {[%emt 0:04:20]} f5 {[%emt 0:02:20]} 23. Qc2 {[%emt 0:04:36]} Qe6 {[%emt 0:01:17]} 24. Bd3 {[%emt 0:03:54]} g6 {[%emt 0:01:05]} 25. Bh4 {[%emt 0:01:11]} Rd7 {[%emt 0:00:44]} 26. Qc3 {[%emt 0:01:33]} Re8 {[%emt 0:00:46]} 27. Qf6 {[%emt 0:01:57]} Ne5 {[%emt 0:03:39]} 28. Qxe6+ {[%emt 0:00:32]} Rxe6 {[%emt 0:00:18]} 29. Be2 {[%emt 0:00:14]} Kf7 {[%emt 0:00:35]} 30. a4 {[%emt 0:02:16]} a5 {[%emt 0:01:42]} 31. h3 {[%emt 0:05:44]} Ke8 {[%emt 0:00:21]} 32. Bg3 {[%emt 0:00:36]} Ke7 {[%emt 0:00:32]} 33. Bh4+ {[%emt 0:03:28]} Ke8 {[%emt 0:00:08]} 34. Bg3 {[%emt 0:02:26]} Ke7 {[%emt 0:00:06]} 35. Bh4+ $11 {[%emt 0:02:44]} Ke8 {[%emt 0:00:36]} 1/2-1/2